[Maḥleḳet geviyah meʼuḥedet].
Saved in:
| Corporate Author: | |
|---|---|
| Format: | Book |
| Language: | Hebrew |
| Subjects: | |
| Tags: |
Add Tag
No Tags, Be the first to tag this record!
|
| LEADER | 00927nam a22002657a 4500 | ||
|---|---|---|---|
| 001 | 014289802-3 | ||
| 005 | 20150324152657.0 | ||
| 008 | 141218s1947 is 000 0 heb d | ||
| 035 | 0 | |a ocn905944158 | |
| 035 | |a (IsJeAIW)wb20159069402 | ||
| 040 | |a IsJeAIW |c IsJeAIW | ||
| 245 | 0 | 0 | |6 880-01 |a [Maḥleḳet geviyah meʼuḥedet]. |
| 300 | |a 13 leaves ; |c 33 cm. | ||
| 500 | |a "Contains 13 out of 41 leaves". | ||
| 610 | 1 | 0 | |a Tel Aviv (Israel). |b Maḥleḳet ha-geviyah ha-meʼuḥedet. |
| 650 | 0 | |a Tax collection |z Israel |z Tel Aviv. | |
| 651 | 0 | |a Tel Aviv (Israel) |x Economic conditions. | |
| 710 | 1 | |a Tel Aviv (Israel). |b Maḥleḳet ha-geviyah ha-meʼuḥedet. | |
| 752 | |a Israel |d Tel Aviv. | ||
| 880 | 0 | 0 | |6 245-01 |a [מחלקת הגביה המאוחדת]. |
| 880 | |6 260-00 |a תל־אביב : |b מחלקת הגביה המאוחדת, |c [1947]. | ||
| 899 | |a 415_560414 | ||
| 988 | |a 20150128 | ||
| 098 | 0 | 6 | |a Heb 43981.275 |
| 906 | |0 VEN | ||


